'Orange Is The New Black' Inmates Character Trivia - Statistics

General Stats
  • This quiz has been taken 821 times
  • The average score is 9 of 18
Answer Stats
Hint Answer % Correct
Protagonist of the Story Piper Chapman
100%
Her (ex-)girlfriend Alex Vause
99%
Religious methhead Tiffany "Pennsatucky" Doggett
84%
Motherly figure to Nicky Galina "Red" Reznikov
77%
Inmate who allegedly was raped by a CO Dayanara Diaz
71%
Cancer patient Rosa Cisneros
67%
"Harlem" inmate who was already pregnant Maria Ruiz
60%
Inmate who died in Season 1 Tricia Miller
57%
Inmate known for her eyeliner Marisol "Flaca" Gonzales
53%
"If you want more pizza, vote for ..." Maritza Ramos
48%
Woman ^ calls "rude" Yvonne "Vee" Parker
43%
The last inmate in the van (excluding the driver) in the Pilot episode Janae Watson
35%
inmate who said, "You tried to sell me; for a blanket" Brook Soso
32%
Released girlfriend of ^ Mercy Valduto
26%
First name of inmate who shares Angie's last name Sara Rice
16%
Name of Poussey's rich, white alter-ego Mackenzie
11%
Inmate with a TMNT tattoo Stella Carlin
11%
Inmate who is seen wearing green eyeshadow Anita DeMarco
7%
No matching quizzes found
Score Distribution
Percent of People with Each Score
Percentile by Number Answered
Your Score History
You have not taken this quiz